Sports Quiz

Random Sports or Basketball Quiz

Miami Heat All-Time Leaders Quiz Stats

 Plays Quiz Updated May 17, 2018

Challenge
Share
Tweet
Embed
Score 0/50 Timer 06:00
16 Plays Today
Category Player % Correct
PointsDwyane Wade
98.3%
ReboundsDwyane Wade
98.3%
AssistsDwyane Wade
98.3%
StealsDwyane Wade
98.3%
PointsLeBron James
98.2%
BlocksDwyane Wade
98.1%
AssistsLeBron James
98.1%
ReboundsChris Bosh
91.6%
BlocksChris Bosh
89.9%
ReboundsHassan Whiteside
87.8%
PointsAlonzo Mourning
83%
ReboundsAlonzo Mourning
83%
BlocksAlonzo Mourning
81.4%
BlocksShaquille O'Neal
80.9%
ReboundsUdonis Haslem
70%
StealsUdonis Haslem
70%
PointsUdonis Haslem
68.9%
AssistsTim Hardaway
61%
StealsTim Hardaway
61%
PointsTim Hardaway
61%
StealsMario Chalmers
60%
StealsLeBron James
56.2%
StealsBimbo Coles
52.8%
PointsChris Bosh
52.1%
AssistsEddie Jones
49.2%
Category Player % Correct
StealsEddie Jones
49.2%
PointsEddie Jones
48.9%
BlocksEddie Jones
48.8%
PointsGrant Long
48.1%
PointsGlen Rice
45.5%
ReboundsGlen Rice
45.5%
AssistsGlen Rice
45.5%
StealsGlen Rice
45.5%
BlocksUdonis Haslem
39.2%
AssistsMario Chalmers
36.3%
AssistsBimbo Coles
34.2%
BlocksRony Seikaly
29.4%
PointsRony Seikaly
29.4%
ReboundsRony Seikaly
29.2%
BlocksHassan Whiteside
23.5%
BlocksP.J. Brown
20.1%
ReboundsP.J. Brown
19.9%
ReboundsBrian Grant
19.9%
BlocksJoel Anthony
17.1%
AssistsGoran Dragic
11.3%
ReboundsGrant Long
10.2%
StealsGrant Long
10.2%
AssistsSherman Douglas
9.4%
AssistsKevin Edwards
6%
StealsKevin Edwards
6%

You're not logged in!

Compare scores with friends on all Sporcle quizzes.
OR
Log In

You Might Also Like...

Show Comments

Extras

Top Quizzes Today


Score Distribution

Your Account Isn't Verified!

In order to create a playlist on Sporcle, you need to verify the email address you used during registration. Go to your Sporcle Settings to finish the process.

Report this User

Report this user for behavior that violates our Community Guidelines.

Details: